| 000 | 00437nam a2200157Ia 4500 | ||
|---|---|---|---|
| 008 | 130318s9999 xx 000 0 und d | ||
| 020 | _a9788126528097 | ||
| 082 | _a006.8 KRU/C | ||
| 100 | _aKrutz, Ronald L | ||
| 245 | _aCloud security: A comprehensive guide to secure cloud computing | ||
| 260 |
_bWiley _aNew Delhi _c2010 |
||
| 300 | _a358 | ||
| 650 | _aCLOUD COMPUTING | ||
| 650 | _aVIRTUAL COMPUTING | ||
| 700 | _aVines, Russell Dean | ||
| 999 |
_c2448 _d2448 |
||